00988nam a22002893i 4500001001900000003000400019005001700023006001900040007001500059008004100074020001800115035002300133035002400156035002400180035002800204040003100232100002700263245013700290264003800427300002700465490005200492650003000544650002500574650003300599700003000632700003600662991060879372906706OSt20230329122511.0m o d | cr cnu||||||||221022s2022 xx o ||||0 spa d z9788491807322 a(MiAaPQ)EBC7119888 a(Au-PeEL)EBL7119888 a(CKB)25179627700041 a(EXLCZ)9925179627700041 aMiAaPQbengerdaepncCDMR1 aSmolak-Lozano, Emilia.10aGestión estratégica de campañas publicitarias y de relaciones públicas en los entornos online c/ Emilia Smolak-Lozano (ed.) 1aBarcelona :bEditorial UOC,c2022 a286 pàginesc; 24 cm1 aManuales (Editorial UOC). Comunicación; v677 0aCampanyes publicitàries 0aMàrqueting digital 0aPlanificació estratègica1 aGarcía Ponce, Damián.1 aMercado Sáez, María Teresa.